| 000 | 00502nam a2200181 i 4500 | ||
|---|---|---|---|
| 001 | 28451 | ||
| 003 | ES-MaACL | ||
| 005 | 20230906153846.0 | ||
| 007 | t| | ||
| 008 | 030117s1968 sp ||||1| spa d | ||
| 100 | 1 |
_aBaen, A. _924580 |
|
| 245 | 1 | 0 |
_aTu cuerpo y tu amor _b: ideas sobre el sexo para los adolescentes / _cA. Baen. |
| 250 | _a1ยช ed. | ||
| 260 |
_aBarelona : _b[Fontanella], _c1968. |
||
| 300 |
_a59 p. : _bil. ; _c16 cm. |
||
| 650 | 4 |
_aSexualidad. _917078 |
|
| 852 |
_aES-MaACL _jC-36142 |
||
| 999 |
_c28451 _d28451 |
||